Empedrat de Morou : Parc natural del Montseny Parc natural del Montseny
Publicado:
Barcelona :
Diputació de Barcelona. Àrea de Sostenibilitat. Gerència de Serveis d'Espais Naturals ,
2013
Descripción Física:
1 f. plegat en 3 parts ; 21 x 10 cm
Colección:
Excursions senyalitzades
MARC
| LEADER | 00000nam a2200000Ia 4500 | ||
|---|---|---|---|
| 001 | 23926 | ||
| 008 | 160829s2013 xx 000 0 cat d | ||
| 080 | |a FU-62-89 | ||
| 245 | |a Empedrat de Morou : |b Parc natural del Montseny | ||
| 260 | |a Barcelona : |b Diputació de Barcelona. Àrea de Sostenibilitat. Gerència de Serveis d'Espais Naturals, |c 2013 | ||
| 300 | |a 1 f. plegat en 3 parts ; |c 21 x 10 cm | ||
| 490 | |a Excursions senyalitzades | ||
| 650 | |a Parc Natural del Montseny (Catalunya) |x Excursionisme |9 49692 | ||
| 710 | 1 | |a Barcelona (Catalunya : Província). |b Xarxa de Parcs Naturals |9 7250 | |
| 710 | 1 | |a Barcelona (Catalunya : Província). |b Gerència de Serveis d’Espais Naturals |9 52730 | |
| 901 | |a Arxiu | ||
| 942 | |n 1 | ||
| 952 | |0 0 |1 0 |4 0 |6 FU6289 |7 1 |9 55551 |a Arxiu |b Arxiu |d 2016-12-01 |l 0 |o FU-62-89 |p 23926 |r 2016-12-01 00:00:00 |w 2016-12-01 |y ARXIU | ||
| 999 | |c 59424 |d 59424 | ||